00671nam a2200169Ia 4500100001700000942000700017654001500024245002300039260003800062082001000100300000800110546001200118999001700130952011600147952012700263952011100390 aRiggs/James  cBK aProduction aProduction Systems bJohn Wiley & SonsaNew Yorkc1976 a658.5 a677 aENGLISH c22020d22020 001040708AFTaCRCEbCRCEd2023-03-17eUBCg65.60i573l0o658.5 pAFT2737r2023-03-17v65.60w2023-03-17yBK 001040708AFTaCRCEbCRCEc1442 | 59d2023-03-17eUBSg65.60i573l0o658.5 pAFT2738r2023-03-17v65.60w2023-03-17yBK 001040708AFTaCRCEbCRCEd2023-03-17g40.00i1280l0o658.5 pAFT896r2023-03-17v40.00w2023-03-17yBK